000 00570nam a22002415a 4500
001 17205348
005 20180828044721.0
008 120312s2014 cau 000 0 eng
010 _a 2012935122
020 _a9781133957171
040 _aDLC
_cDLC
041 _aeng
042 _apcc
080 _a316
082 _2316
100 1 _a51
101 _aSOC
245 1 0 _aSociology in our times :
_cDiana Kendall.
263 _a1401
906 _a0
_bibc
_corignew
_d2
_eepcn
_f20
_gy-gencatlg
942 _2ddc
_cBK
999 _c47366
_d47366